[Event "58. BEM 2004"]
[Site "Dortmund"]
[Date "2004.03.05"]
[Round "3.4"]
[White "Kalikhman, Grigorij"]
[Black "Grube, Jörg"]
[Result "1-0"]
[WhiteElo "1975"]
[BlackElo "1887"]
[Annotator "Fritz 7 (15s)"]
[PlyCount "61"]
[EventDate "2004.??.??"]
[Source "SG Dortmund"]
[SourceDate "2004.12.16"]

{B40: Sicilian: 2...e6, Unusual lines
} 1. e4 c5 2. Nf3 e6 3. c4 Nc6 4. Nc3 Nf6
5. d4 cxd4 6. Nxd4 Qc7 7. Ndb5 (7. Be3 a6 8. Rc1 Ne5 9. f3 h5 10. Be2 Ng6 11.
Qd2 b6 12. O-O Bb7 13. Nb3 Bd6 14. h3 h4 15. f4 Nxe4 16. Nxe4 Bxe4 17. c5 bxc5
18. Nxc5 Bxc5 19. Bxc5 Qb7 20. f5 exf5 21. Qe3 f4 22. Rxf4 Nxf4 23. Qxf4 Qd5
24. b4 Rh6 25. Rc4 f5 26. Rd4 Qc6 27. Qe5+ Re6 28. Qxg7 O-O-O 29. Bd6 Kb7 30.
b5 Qc1+ 31. Kh2 Rxd6 32. bxa6+ Ka7 33. Qe5 Rxd4 34. Qxd4+ Ka8 {
0-1 Velicka,P-Movsesian,S/CZE 1998/EXT 99 (34)}) (7. Nxc6 dxc6 8. Be3 e5 9. Qa4
Ng4 10. Bg5 Bc5 11. Bh4 O-O 12. Be2 Qb6 13. O-O Qxb2 14. Rac1 f6 15. Qd1 Nh6
16. Na4 Qa3 17. Nxc5 Qxc5 18. Kh1 Be6 19. f4 exf4 20. Rxf4 Qe3 21. Rf3 Qxe4 22.
Bg3 Bg4 23. Rf2 Rad8 24. Qf1 Rfe8 25. Bxg4 Nxg4 26. Rf4 Qg6 27. h3 Ne5 28. Bh2
Qd3 29. Qg1 Qd2 30. Rf2 Qd4 31. Bxe5 Rxe5 32. Qf1 Qd3 33. Qg1 Re3 34. Rff1 Qe4
35. Qh2 Re2 36. Qg3 h6 37. Rcd1 Rxd1 38. Rxd1 Qe5 39. Qh4 Kh7 40. Rf1 Rxa2 41.
Qg4 Re2 42. Qd7 Qe4 43. Rg1 Rb2 {
0-1 Snuverink,J-Van Beek,L/Leiden 1999/CBM 70 ext (43)}) 7... Qb8 8. Be3 a6 9.
Nd4 Be7 $146 (9... Bb4 10. Bd3 (10. f3 O-O 11. Be2 d5 12. O-O Rd8 13. Nxc6 bxc6
14. Bg5 Bd6 15. f4 h6 16. Bxf6 gxf6 17. Qc1 d4 18. Na4 Qb4 19. b3 d3 20. Bf3 d2
21. Qb2 Bxf4 22. Qxf6 {
1-0 Banegas Gomez,R-Karasusan Izcue,S/Monzon 1987/EXT 2002 (22)}) 10... Ne5 11.
Nc2 Be7 12. Be2 Qc7 13. b3 b5 14. f4 bxc4 15. fxe5 cxb3 16. exf6 Qxc3+ 17. Bd2
bxc2 18. Bxc3 cxd1=Q+ 19. Bxd1 Bxf6 20. e5 Bh4+ 21. g3 Bb7 22. O-O Be7 23. Bd4
O-O 24. Rb1 Bc6 25. Be2 f6 26. exf6 Bxf6 27. Bc5 Rfc8 28. Rb6 Bd5 29. Bf2 Rc2
30. Bd3 Rd2 31. Bxa6 Rxf2 32. Rxf2 Bd4 {
0-1 Vogt,F-Waechter,P/Berlin 1937/EXT 2002 (32)}) 10. Be2 O-O 11. f4 d6 12. O-O
Bd7 13. Bf3 Rc8 14. Qe2 Na5 15. b3 {Deckt a4} 15... d5 (15... b5 16. e5 dxe5
17. fxe5 Qxe5 18. Bxa8 Rxa8 19. Qf2 $11) 16. e5 (16. exd5 $142 $5 exd5 17. Nxd5
$18) 16... Ne8 $14 17. Nxd5 exd5 18. cxd5 Bc5 19. Qd2 b6 20. Rac1 Nb7 21. e6 (
21. b4 $5 Bf8 22. Rxc8 Bxc8 23. d6 Nexd6 24. exd6 Qxd6 25. Rc1 $16) 21... fxe6
22. dxe6 Bb5 23. Rfd1 Nf6 (23... Ned6 $142 $5 $11 {ist erwaegenswert}) 24. b4
$16 Be7 25. Nf5 Bd8 26. g4 Be8 $2 (26... Rxc1 $142 27. Rxc1 Bc7 $18) 27. g5 Bh5
(27... Rxc1 {waere noch eine kleine Chance} 28. Rxc1 g6 $18) 28. gxf6 Bxf3 (
28... Bxf6 {aendert nichts am Ausgang der Partie} 29. Bxh5 Kh8 30. Bf3 $18) 29.
e7 (29. f7+ Kf8 30. Qd7 Bh4 31. e7+ Kxf7 32. e8=B+ Kf8 33. Qf7#) 29... Bc7 (
29... Bxe7 {haette noch versucht werden koennen} 30. Rxc8+ Qxc8 31. Nxe7+ Kf7
32. Nxc8 Bc6 $18) 30. Qd7 Bh5 (30... Nd6 {waere gleichermassen fruchtlos} 31.
e8=R+ $1 {ein Tiefschlag} 31... Nxe8 32. f7+ Kf8 33. Qe7#) 31. e8=Q+ $1 {
Motiv: Doppelangriff. . . . . .} (31. e8=Q+ Rxe8 32. Qxg7#) 1-0

[Event "58. BEM 2004"]
[Site "Dortmund"]
[Date "2004.03.05"]
[Round "3.5"]
[White "Mrozinski, Werner"]
[Black "Kleymann, Jelena"]
[Result "1/2-1/2"]
[WhiteElo "1965"]
[BlackElo "1865"]
[Annotator "Fritz 7 (15s)"]
[PlyCount "45"]
[EventDate "2004.??.??"]
[Source "SG Dortmund"]
[SourceDate "2004.12.16"]

{A05: Reti Opening: 1 Nf3 Nf6
} 1. Nf3 Nf6 2. b4 g6 3. Bb2 Bg7 4. c4 d6 5. d4
Bf5 $146 (5... O-O 6. Nbd2 (6. g3 a5 7. a3 c6 8. Nbd2 e5 9. dxe5 Ng4 10. Bg2
dxe5 11. e4 axb4 12. axb4 Rxa1 13. Qxa1 Na6 14. h3 Nxb4 15. O-O Nxf2 16. Kxf2
Qb6+ 17. Ke2 Nc2 18. Qb1 Qe3+ 19. Kd1 Nd4 20. Bxd4 exd4 {
Labib,I-Sorial,H/Cairo 2000/CBM 76 ext/1-0 (50)}) 6... Nbd7 7. Qc2 Re8 8. e4 e5
9. dxe5 Nxe5 10. Nxe5 dxe5 11. Be2 Nd7 12. c5 Nf8 13. Bc4 Qe7 14. O-O Bd7 15.
Bd5 Rab8 16. f4 Bb5 17. Nc4 Bxc4 18. Bxc4 exf4 19. Bxg7 Kxg7 20. Rxf4 f6 21.
Raf1 Nd7 22. Qa4 a6 23. c6 bxc6 24. Qxc6 Ne5 25. Qxa6 Rb6 26. Qa3 Nxc4 27. Qc3
Qxb4 28. Qxb4 Rxb4 29. Rxf6 Ne5 30. Ra6 Rxe4 31. a4 c5 32. Ra7+ Kh6 33. Rc7 Nd3
34. a5 Ra4 35. h4 Rxa5 36. Rff7 Kh5 37. Rxh7+ Kg4 38. Rcg7 Nf4 39. h5 {
0-1 Khudiakov,A-Gurevich,V/Alushta 1998/EXT 2000 (39)}) (5... Nbd7 6. Qc2 (6.
Qb3 c5 7. e3 O-O 8. Be2 cxb4 9. Qxb4 Qb6 10. Qa3 Ne4 11. O-O Ndc5 12. Nc3 Nxc3
13. Bxc3 Ne4 14. Rab1 Qc7 15. Ba5 Qc6 16. Bd3 Nf6 17. Rfc1 b6 18. Be1 Bg4 19.
Nd2 Bd7 20. c5 dxc5 21. dxc5 bxc5 22. Nb3 Qa4 23. Qxa4 Bxa4 24. Nxc5 Bc6 25.
Ne6 Rac8 26. Nxg7 Kxg7 27. Ba6 Be4 28. Bxc8 Bxb1 29. Bb7 {
1-0 Mikhalchishin,A-Preiser,H/Dortmund 1993/TD (29)}) (6. e3 e5 7. dxe5 Ng4 8.
Nd4 Ndxe5 9. Nc3 Qh4 10. g3 Qf6 11. f4 Nxe3 12. fxe5 Qxe5 13. Qa4+ Bd7 14. Ncb5
O-O {0-1 Shabtai,R-Sutovsky,E/Tel Aviv 1993/EXT 98 (14)}) 6... a5 7. bxa5 Rxa5
8. e3 O-O 9. Be2 Nb6 10. Nc3 Bf5 11. Qb3 Qa8 12. O-O Na4 13. Nxa4 Rxa4 14. Nd2
Ne4 15. Rfd1 Nxd2 16. Rxd2 Be4 17. f3 {
1/2-1/2 Kovacevic,V-Levacic,P/Pula 1998/CBM 64 (17)}) 6. Nbd2 a5 7. b5 {
Weiss hat mehr Raum} 7... c6 8. a4 O-O 9. e3 Nbd7 10. Be2 Re8 11. Nh4 e5 (11...
Be6 $5 $11) 12. Nxf5 $14 gxf5 13. Nf3 Ng4 14. h3 Nh6 15. O-O e4 {
Schwarz erobert Raum} 16. Nd2 Qg5 17. Qb3 c5 18. Rad1 Re6 19. g3 cxd4 20. exd4
f4 21. Kh2 f3 22. Nxe4 Rxe4 23. Bxf3 1/2-1/2

[Event "58. BEM 2004"]
[Site "Dortmund"]
[Date "2004.03.05"]
[Round "3.6"]
[White "Zeldin, Vitali"]
[Black "Ziperstein, Jakob"]
[Result "0-1"]
[WhiteElo "1918"]
[BlackElo "1831"]
[Annotator "Fritz 7 (15s)"]
[PlyCount "107"]
[EventDate "2004.??.??"]
[Source "SG Dortmund"]
[SourceDate "2004.12.16"]

{B07: Pirc Defence: Miscellaneous Systems
} 1. e4 g6 2. d4 Bg7 3. Nc3 d6 4. Be2
Nf6 5. h4 h5 6. Be3 Ng4 $146 (6... c6 7. a4 (7. Nh3 Ng4 (7... b5 8. a3 Nbd7 9.
Ng5 Qc7 10. f4 Nb6 11. d5 a6 12. dxc6 Nc4 13. Bg1 Bg4 14. a4 Qxc6 15. axb5 axb5
16. Rxa8+ Qxa8 17. Bd4 O-O 18. b3 e5 19. bxc4 exd4 20. Nxb5 Nxe4 21. Bxg4 Qa5+
22. c3 {Rosican,B-Smoliakov,V/Brno 1998/EXT 99/0-1 (47)}) 8. Bxg4 hxg4 9. Ng1
d5 10. exd5 cxd5 11. Qd2 Nc6 12. Nge2 Bf5 13. Ng3 e5 14. Bg5 Qa5 15. Nxf5 gxf5
16. dxe5 d4 17. Ne2 Qxe5 18. O-O f6 19. Bf4 Qd5 20. Rfd1 O-O-O 21. c3 d3 {
Govedarica,R-Sznapik,A/Belgrade 1984/MCL/0-1 (60)}) (7. Qd2 Nbd7 8. O-O-O Qa5
9. f4 Nb6 10. Kb1 Be6 11. Nd5 Qxd2 12. Nxf6+ Bxf6 13. Rxd2 Nc4 14. Bxc4 Bxc4
15. Nf3 Be6 16. e5 Bg7 17. Re1 d5 18. Ng5 Bf5 19. b3 e6 20. Kb2 Bh6 21. Nf3 b5
22. Rc1 Kd7 23. Ne1 Bf8 24. Nd3 Be7 25. g3 a5 26. Nc5+ Bxc5 27. dxc5 a4 28. b4
{1/2-1/2 Solmundarson,M-Van Schoor,K/Siegen 1970/EXT 2002 (28)}) 7... Qc7 8.
Qd2 Nbd7 9. Nh3 b6 10. Ng5 Bb7 11. f3 a6 12. g4 Bh6 13. Ne6 fxe6 14. Bxh6 hxg4
15. fxg4 c5 16. Bg7 Rh7 17. Bxf6 Nxf6 18. Bf3 cxd4 19. Qxd4 Qc5 20. Qxc5 bxc5
21. Rd1 Kf7 22. Kf2 Rah8 23. Kg3 Nd7 24. Bg2 Ne5 25. b3 Bc6 26. Ne2 Rb8 {
1/2-1/2 Jedlicka,L-Kalousek,V/CZE 1995/EXT 97 (26)}) 7. Bxg4 Bxg4 8. f3 Bd7 9.
Qd2 b5 10. O-O-O c6 {Sichert d5} 11. Kb1 Qa5 12. Nh3 Be6 13. Ng5 Bd7 14. f4 (
14. e5 O-O $14) 14... Bg4 {Schoenes Feld g4!} 15. Rdf1 e6 {
Nimmt Einfluss auf d5} (15... Nd7 16. Qd3 $11) 16. d5 Bxc3 17. bxc3 exd5 18. f5
gxf5 19. exd5 O-O 20. Qd4 (20. Bd4 Nd7 21. Ne6 fxe6 22. Qg5+ Kf7 23. dxe6+ Kxe6
24. Re1+ Ne5 25. Bxe5 $18) 20... Qd8 $11 21. Nf3 c5 22. Qd2 Qf6 23. Nh2 Qg6 24.
Rf4 Nd7 25. Rhf1 {Greift f5 an} 25... f6 26. R4f2 Rae8 27. Bf4 Ne5 28. Bxe5 (
28. Qe3 $5 $15 {ist eine Alternative}) 28... fxe5 $17 ({Dagegen} 28... Rxe5 29.
Nf3 Re4 30. Nh2 $15) 29. g3 Kg7 30. Kb2 a6 31. Qe3 Rf7 32. Qd2 Ref8 33. Re1 Qh6
34. Qd3 Qg6 (34... Bh3 35. Re3 $17) 35. Qd2 Kh7 36. Rg1 Qg7 37. Re1 Rb8 {
Will b4 spielen} 38. Re3 c4 39. a3 a5 40. Kb1 (40. Nxg4 hxg4 41. Rf1 Qh6 $19)
40... e4 (40... b4 41. cxb4 axb4 42. axb4 $19) 41. Rf4 (41. Nxg4 $142 $5 hxg4
42. Kc1 $17) 41... b4 $19 42. axb4 $4 {das letzte Eigentor} (42. Ka1 $19) 42...
axb4 43. cxb4 Rfb7 (43... Ra7 44. Qd4 Qxd4 45. c3 Qd1+ 46. Kb2 Qa1+ 47. Kc2
Ra2#) 44. Qc3 $4 {ein Fehler in schlechter Stellung} (44. c3 $142 Ra8 45. Qb2
$19) 44... Rxb4+ 45. Kc1 (45. Qb3 {hilft auch nicht mehr} 45... Ra8 46. c3 Qa7
47. Kc1 Qa1+ 48. Kd2 Ra2+ 49. Qxa2 Qd1#) 45... Qb7 (45... Rb1+ 46. Kd2 Rd1#)
46. Nxg4 $17 Rb1+ (46... hxg4 {ist klar schwaecher} 47. Rxf5 Rb1+ 48. Kd2 $18)
47. Kd2 Qxd5+ (47... hxg4 {ist schnell zu verwerfen} 48. Rxf5 Rg1 49. Rxe4 Rg2+
50. Re2 Rxe2+ 51. Kxe2 Re8+ 52. Kf1 $18) 48. Rd3 e3+ $1 {
Die Raeumung erlaubt d5-h1} 49. Nxe3 (49. Kxe3 {Motiv: Hinlenkung-> e3} 49...
Qe6+) 49... Qh1 50. Nf1 $4 {der Druck provoziert den entscheidenden Fehler} (
50. Ke2 cxd3+ 51. Qxd3 Qe1+ 52. Kf3 Qh1+ 53. Ke2 Qh2+ 54. Kf3 Qh1+ 55. Ke2 $11)
50... Qg2+ $19 (50... Rxf1 $6 {scheitert an} 51. Re3 Rb7 52. Rxf1 Qxf1 53. Qf6
$17) 51. Ke3 Re8+ 52. Kd4 Re4+ 53. Kd5 Rxf4+ 54. Kxd6 0-1

[Event "58. BEM 2004"]
[Site "Dortmund"]
[Date "2004.03.05"]
[Round "3.7"]
[White "Hardt, Helmut"]
[Black "Barskij, Aleksandr"]
[Result "1/2-1/2"]
[WhiteElo "1766"]
[BlackElo "1828"]
[Annotator "Fritz 7 (15s)"]
[PlyCount "110"]
[EventDate "2004.??.??"]
[Source "SG Dortmund"]
[SourceDate "2004.12.16"]

{B40: Sicilian: 2...e6, Unusual lines
} 1. e4 c5 2. Nf3 e6 3. d4 cxd4 4. Nxd4
Qb6 5. Nb3 Qc7 6. Bd3 Nf6 7. O-O a6 8. Be3 b5 9. Nc3 Bb7 10. f3 d5 11. exd5
Nxd5 12. Nxd5 Bxd5 13. Qe2 $146 (13. Kh1 Bd6 14. Bg1 Nd7 15. c3 Ne5 16. Be2 h5
17. Nd4 h4 18. Nf5 Bf8 19. Ne3 Bb7 20. h3 Rd8 21. Qe1 Bd6 22. Bh2 Ng6 23. Bxd6
Rxd6 24. Rd1 Nf4 25. Rxd6 Qxd6 26. Qd1 Qxd1 27. Bxd1 Rh5 {
Machalova,V-Shtereva,S/Patras 2001/CBM 83 ext/0-1 (44)}) 13... Bd6 {
Schwarz muss dringend die Entwicklung vorantreiben.} 14. g3 {Punkt f4} 14...
Nd7 15. Nd4 O-O 16. Rad1 Nb6 ({Weniger gut ist} 16... Bxa2 17. b3 Bc5 18. Qf2
$14) 17. b3 {Der Gegner darf nicht nach a4+c4} 17... Rac8 18. a4 e5 19. Nf5 Bc5
20. axb5 axb5 21. Bxb5 g6 (21... Be6 22. Bd3 $14) 22. Bxc5 Qxc5+ 23. Ne3 f5 24.
Rf2 Bb7 25. Bc4+ Nxc4 (25... Kg7 $5 $11) 26. Nxc4 (26. bxc4 $6 Rcd8 $11) 26...
Ba6 27. Rd7 (27. Qxe5 $142 $5 Bxc4 28. Qxc5 Rxc5 29. bxc4 $16) 27... Bxc4 28.
bxc4 Rfe8 29. Qd2 Re7 30. Rxe7 Qxe7 31. Qd5+ Kg7 32. Rd2 Rc5 33. Qd3 Qc7 34. f4
e4 {Schwarz will den Gegner einengen} 35. Qc3+ Kh6 36. Rd4 Qe7 37. Qe3 Qc7 38.
Qe2 Qe7 39. g4 Qe6 (39... Kg7 40. Qd1 Rc7 41. gxf5 gxf5 42. Rd5 $14) 40. g5+
$14 {Raumgewinn} 40... Kg7 41. Qd2 Rxc4 $4 {verschlechtert die Stellung weiter}
(41... Rc7 $142 42. Rd5 h5 $16) 42. Rd7+ $18 Kf8 43. Rb7 Ke8 44. Rb8+ $4 {
danach wendet sich das Blatt} (44. Qa5 Rc8 45. Qa1 $18) 44... Rc8 $11 45. Rb5
Qc6 46. c4 $2 (46. Rd5 $142 $5 $11 {und Weiss kann noch kaempfen}) 46... Qxc4
$17 47. Re5+ Kf7 48. Qd7+ Kg8 (48... Kf8 $142 $5 49. Qd6+ Kg8 $17) 49. Re8+ $15
Rxe8 50. Qxe8+ Kg7 51. Qe7+ Qf7 52. Qe5+ Kf8 53. Kg2 Qa2+ 54. Kh3 Qb3+ 55. Kh4
Qb6 1/2-1/2

[Event "58. BEM 2004"]
[Site "Dortmund"]
[Date "2004.03.05"]
[Round "3.8"]
[White "Litwak, Aleksej"]
[Black "Kartsev, Soel"]
[Result "1/2-1/2"]
[WhiteElo "2067"]
[BlackElo "2172"]
[Annotator "Fritz 7 (15s)"]
[PlyCount "74"]
[EventDate "2004.??.??"]
[Source "SG Dortmund"]
[SourceDate "2004.12.16"]

{B07: Pirc Defence: Miscellaneous Systems
} 1. e4 d6 2. d4 Nf6 3. Bd3 e5 4. c3
Be7 5. Nf3 Nbd7 6. O-O O-O 7. Re1 a6 (7... c6 8. a4 Qc7 9. Nbd2 b6 10. Nf1 Re8
11. Ng3 Nf8 12. h3 Ne6 13. Bd2 Bf8 14. Qc2 Bb7 15. b4 a6 16. Rad1 Rac8 17. Bf1
g6 18. dxe5 dxe5 19. Be3 b5 20. Nd2 a5 21. bxa5 Qxa5 22. Nb3 {
Smirin,I-Hansen,C/Tilburg 1992/CBM 32/1-0 (49)}) (7... Re8 8. Nbd2 Bf8 9. a4 h6
10. a5 Rb8 11. b4 b5 12. axb6 axb6 13. Bb5 exd4 14. Nxd4 Bb7 15. Nc6 Bxc6 16.
Bxc6 Re7 17. Nf3 Ne5 18. Nd4 d5 19. f4 Ng6 20. e5 Ne4 21. Qd3 Re6 22. Bxd5 Qxd5
23. Qxe4 Qxe4 24. Rxe4 Ree8 25. Nc6 Ra8 26. Rxa8 Rxa8 27. Bd2 b5 28. f5 Ne7 29.
Nd4 Rd8 30. Be1 Rd5 31. Kf1 c5 32. bxc5 Rxc5 33. Ke2 g6 34. g4 Nd5 35. Kd3 Nb6
36. e6 gxf5 37. Nxf5 fxe6 38. Rxe6 Nd7 39. Nxh6+ Kh7 40. Bd2 Rd5+ 41. Kc2 Ne5
42. h3 {Magai,V-Efimov,I/Istanbul 2000/EXT 2001/1-0 (66)}) 8. Nbd2 Re8 9. Nf1
c5 $146 (9... b5 10. Ng3 c5 11. Bc2 Qc7 12. Bg5 h6 13. Be3 Bb7 14. d5 c4 15.
Nf5 Bf8 16. h3 Nc5 17. Nh2 Bc8 18. Ng4 Nxg4 19. hxg4 Rb8 20. b4 cxb3 21. axb3
Nd7 22. Qd2 Bb7 23. Rec1 Rbc8 24. Bd1 {
Zellner,R-Deglmann,L/Bayern 1997/EXT 99/0-1 (43)}) 10. dxe5 Nxe5 11. Nxe5 dxe5
12. Bg5 b5 13. Ne3 c4 {Schwarz gewinnt Raum} 14. Bc2 Be6 15. Qf3 Nd7 16. Bxe7
Qxe7 17. Rad1 Rad8 18. Nd5 Bxd5 19. Rxd5 Nc5 20. Red1 Rxd5 21. Rxd5 Rd8 22. Qd1
Rxd5 23. Qxd5 g6 24. h3 Kg7 25. a4 f6 (25... Qc7 $142 $5 $11 {sieht gut aus})
26. axb5 $16 axb5 27. Qc6 Ne6 (27... b4 28. cxb4 Nd3 29. Qxc4 Nxb4 30. Bb3 $16)
28. Qxb5 Qc7 29. Ba4 Nf4 30. Kh2 Qa7 31. Qd7+ (31. Qxc4 {
geht nach einigem Hin und Her immerhin Matt} 31... Qxf2 32. Qg8+ Kxg8 33. Bb3+
Kg7 34. Bd5 Qxg2#) 31... Qxd7 32. Bxd7 Nd3 33. Be6 Nxb2 34. Kg3 Kf8 35. f4 Ke7
36. Bg8 h6 37. h4 Kd6 1/2-1/2

[Event "58. BEM 2004"]
[Site "Dortmund"]
[Date "2004.03.05"]
[Round "3.9"]
[White "Schiefelbusch, Dirk"]
[Black "Morgenroth, Hubertus"]
[Result "1-0"]
[WhiteElo "2103"]
[BlackElo "1654"]
[Annotator "Fritz 7 (15s)"]
[PlyCount "40"]
[EventDate "2004.??.??"]
[Source "SG Dortmund"]
[SourceDate "2004.12.16"]

{A00: Irregular Openings
} 1. b4 e5 2. Bb2 d6 3. c4 Nf6 4. e3 Be7 5. Nf3 Bf5 6.
Be2 O-O 7. O-O Nbd7 8. d4 (8. Nc3 c6 9. d4 Qc7 10. b5 Rfd8 11. a4 Be6 12. Qc2
exd4 13. Nxd4 d5 14. cxd5 Bxd5 15. Nxd5 Nxd5 16. bxc6 Ne5 17. cxb7 Qxb7 18.
Rab1 Rac8 19. Qe4 Ng6 20. Nf5 Qb4 21. Qxb4 Bxb4 22. Nxg7 Bc3 23. Nf5 Rb8 24.
Ba3 Nb4 25. Bxb4 Bxb4 26. Bb5 Rd5 27. Rxb4 Rxf5 28. Rd4 Ne5 29. Rfd1 Kg7 30.
Rd5 Kf6 31. h3 Rg8 32. f4 Nf3+ 33. Kf2 Rxd5 34. Rxd5 Nh4 35. g3 Nf5 36. g4 Ne7
37. Rd6+ Kg7 38. Rd7 Ng6 39. Rxa7 Rc8 40. Bd3 Rb8 41. Bxg6 Rb2+ 42. Bc2 Rxc2+ {
Dessing,B-Van Opheusden,B/Rijswijk 2001/EXT 2002/1-0 (68)}) 8... exd4 9. Nxd4
Bg6 10. Nc3 Ne5 $2 $146 (10... Re8 11. a3 Nf8 12. e4 Nxe4 13. Nd5 c6 14. Nxe7+
Rxe7 15. b5 Qb6 16. Bf3 Nc5 17. a4 a5 18. Ba3 Be4 19. Nxc6 bxc6 20. Qxd6 Rd7
21. Qxc5 Qxc5 22. Bxc5 Bxf3 23. gxf3 Ne6 24. Be3 c5 25. Rfd1 Rad8 26. Rxd7 Rxd7
27. Rb1 f5 28. b6 Rb7 29. Bd2 Nd4 30. Kg2 {
0-1 Schemm,M-Harding,M/Vancouver 1998/EXT 2001 (30)}) (10... c5 $142 {
ist gerade noch spielbar} 11. Nc2 Nb6 $11) 11. f4 $18 Nxc4 12. Bxc4 d5 13. Be2
Be4 14. Nxe4 Nxe4 15. a3 Bf6 16. Re1 Bh4 17. g3 Bf6 18. Bf3 Re8 19. Qd3 Qd7 20.
Rad1 Qf5 $4 {Schwarz bricht voellig ein} (20... Qc8 $142 $18) 1-0

[Event "58. BEM 2004"]
[Site "Dortmund"]
[Date "2004.03.05"]
[Round "3.10"]
[White "Gorval, Evgueni"]
[Black "Klein, Hans-Joachim"]
[Result "1-0"]
[WhiteElo "2089"]
[BlackElo "1637"]
[Annotator "Fritz 7 (15s)"]
[PlyCount "61"]
[EventDate "2004.??.??"]
[Source "SG Dortmund"]
[SourceDate "2004.12.16"]

{A03: Bird's Opening with 1...d5
} 1. f4 d5 2. Nf3 Bf5 3. g3 (3. e3 e6 4. b3
Nd7 5. Bb2 Nh6 6. Be2 Ng4 7. h3 Ngf6 8. O-O Bc5 9. d4 Bd6 10. Ne5 O-O 11. Nd2
Rc8 12. Ndf3 Ne4 13. Qe1 Be7 14. g4 Bg6 15. Nxd7 Qxd7 16. Ne5 Qd8 17. Bd3 Bh4 {
Schoenegg,W-Paulsen,E/Leimen 2001/CBM 82 ext/1/2-1/2 (67)}) 3... h6 $146 {
Kontrolliert g5} (3... e6 4. Bg2 Nf6 (4... Bc5 5. d4 Bb6 6. c4 Nf6 7. Nc3 O-O
8. Ne5 Ba5 9. Qb3 Nc6 10. e3 Be4 11. O-O Bxc3 12. bxc3 Na5 13. Qa4 Bxg2 14.
Kxg2 Nxc4 15. Nxc4 dxc4 16. Qxc4 Qd5+ 17. Qxd5 exd5 18. Rb1 b6 19. Rf2 {
Grunberg,M-Petronic,J/Bijeljina-Dvorovi 2000/CBM 74 ext/1/2-1/2 (90)}) 5. O-O
Be7 6. d3 c6 7. h3 h6 8. Qe1 Nbd7 9. Nbd2 O-O 10. g4 Bh7 11. e4 dxe4 12. dxe4
Qc7 13. Nh4 Nc5 14. f5 exf5 15. gxf5 Bd6 16. Qe3 Rfe8 17. Kh1 Nh5 18. Rd1 {
Furhoff,J-Jensen,L/Stockholm 1993/EXT 2000/0-1 (59)}) (3... Nc6 4. Bg2 Nf6 5.
d3 g6 6. Be3 Bg7 7. Nbd2 O-O 8. O-O Nd7 9. c3 b6 10. Nh4 e6 11. Nxf5 exf5 12.
Bxd5 Qf6 13. Bd4 Qd6 14. e4 fxe4 15. dxe4 Nxd4 16. Nc4 Qc5 17. cxd4 Qb5 18. b3
{Braeutigam,T-Jittler,N/Neumuenster 1999/EXT 2002/1/2-1/2 (58)}) 4. Bg2 e6 5.
c4 Nf6 6. Qb3 Nc6 7. Qxb7 Na5 8. Qb5+ c6 9. Qa4 Nxc4 10. Qxc6+ Nd7 11. Nc3 Bc2
(11... Rb8 $5 $15 {kam sehr in Betracht}) 12. b3 Rc8 13. Qa4 Bc5 {
Haelt den Koenig im Zentrum fest} 14. Ne5 Ncxe5 15. fxe5 Bg6 (15... Qb6 $5 $11
{muss beachtet werden}) 16. d4 $14 Bb6 17. Nb5 O-O 18. Ba3 Ba5+ $2 (18... a6
$142 $5 {ist noch spielbar} 19. Nd6 Rc2 $11) 19. Kf2 Re8 (19... Bb6 $142 $5 20.
Bxf8 Qxf8 $16) 20. Nd6 $18 Nxe5 $2 (20... Bb6 21. Nxc8 Qxc8 $18) 21. dxe5 (21.
Nxe8 $6 Ng4+ 22. Kf1 Ne3+ 23. Kg1 Nf5 $18) (21. Qxe8+ $6 {
ist deutlich schlechter} 21... Qxe8 22. Nxe8 Ng4+ 23. Kf3 Bf5 $16) (21. Nxc8
Qf6+ 22. Bf3 Nxf3 23. Qxe8+ Kh7 24. exf3 Be4 25. Qg8+ Kxg8 26. Kf1 Qxf3+ 27.
Kg1 Qg2#) 21... Qb6+ 22. Kf1 Rc2 (22... Bc3 {ist ein letzter Versuch} 23. Rc1
Rf8 $18) 23. Qxe8+ Kh7 24. Rc1 Rxe2 (24... Rxc1+ {aendert nichts mehr} 25. Bxc1
Qc5 26. Qc8 $18) 25. Kxe2 Qd4 26. Rhd1 Qxe5+ 27. Kf1 Qe3 (27... Bb6 {
macht keinen grossen Unterschied} 28. Bxd5 Qe3 29. Kg2 Qf2+ 30. Kh1 exd5 31.
Rf1 $18) 28. Qb5 (28. Nxf7 $142 {und nichts geht mehr} 28... Bd3+ 29. Rxd3
Qxd3+ 30. Kg1 Bc3 31. Qh8+ Kg6 $18) 28... Bd2 29. Rxd2 Qxd2 30. Kg1 Bd3 (30...
Qxa2 {nuetzt auch nichts mehr} 31. Qa4 $18) 31. Qc5 (31. Qc5 Bg6 32. Qxa7 Qxa2
33. b4 $18) 1-0

[Event "58. BEM 2004"]
[Site "Dortmund"]
[Date "2004.03.05"]
[Round "3.11"]
[White "Ezzat, Tarik"]
[Black "Zimmermann, Dirk"]
[Result "1/2-1/2"]
[WhiteElo "1606"]
[BlackElo "2025"]
[Annotator "Fritz 7 (15s)"]
[PlyCount "183"]
[EventDate "2004.??.??"]
[Source "SG Dortmund"]
[SourceDate "2004.12.16"]

{A00: Irregular Openings
} 1. Nc3 d5 2. e4 dxe4 3. Nxe4 Bf5 4. Ng3 Bg6 5. Nf3
Nd7 6. Bc4 e6 7. O-O (7. d3 Ngf6 8. Qe2 c6 9. O-O Be7 10. Re1 Qc7 11. Bxe6 fxe6
12. Qxe6 Nd5 13. Ne4 Bxe4 14. dxe4 Nf4 15. Qf5 Ng6 16. Ng5 O-O-O 17. Ne6 Qe5
18. Nxd8 Rxd8 19. Qh3 Bc5 20. c3 Nf4 21. Qg3 g5 22. Bxf4 gxf4 23. Qg4 Kc7 24.
Rad1 Bd6 25. Rd3 Nf6 26. Qf3 Re8 27. Rd2 Bc5 28. h3 a6 29. a3 h5 30. Red1 Rg8
31. b4 Bb6 32. Rd6 Rg3 33. Qe2 f3 34. Qd2 Rxg2+ 35. Kf1 Rxf2+ {
0-1 Salami,M-Godena,M/Bratto 2001/EXT 2002 (35)}) 7... Be7 (7... Bd6 8. d4 c6
9. Qe2 Qc7 10. Ng5 O-O-O 11. c3 h5 12. h3 h4 13. N3e4 Bh2+ 14. Kh1 Ngf6 15. f4
Nxe4 16. Nxe4 Bxe4 17. Qxe4 Nf6 18. Qf3 Bg3 19. b4 Nd5 20. Bd2 f6 21. Be1 g5
22. Bxd5 {Kutuzovic,B-Plesnik,H/Pula 2001/CBM 82 ext/1-0 (46)}) 8. c3 $146 {
Verhindert das Eindringen auf b4} (8. Re1 h6 9. d4 Ngf6 10. Qe2 O-O 11. Bxe6
fxe6 12. Qxe6+ Rf7 13. Ne5 Nxe5 14. dxe5 Bxc2 15. exf6 Bxf6 16. a4 Qd7 17. Qc4
Qd3 18. Qxd3 Bxd3 19. Ne4 Be7 20. Bd2 c5 21. b3 Rd8 22. Bc3 Bc2 {
Taivainen,J-Wegner,H/Jyvaskyla 1993/EXT 2000/0-1 (50)}) 8... c6 {Sichert b5+d5}
9. d4 Ngf6 10. Re1 O-O 11. Nh4 Nd5 12. Nxg6 hxg6 13. Qe2 Qc7 14. Ne4 b5 15. Bd3
Nf4 16. Bxf4 Qxf4 17. Ng3 Nf6 18. Ne4 Nd5 19. g3 {Verwehrt dem Gegner h4} 19...
Qh6 20. Nd2 a6 21. Nf3 Qh5 22. a3 {Ueberdeckt b4} 22... Bd6 23. Ne5 Qxe2 24.
Rxe2 Bxe5 25. Rxe5 Rac8 26. Rc1 c5 27. dxc5 Rxc5 28. c4 bxc4 29. Rxc4 Rb5 30.
Rc2 Rb6 31. b4 Rd8 32. Be2 Kf8 33. Rc5 Ke7 34. Bf3 f6 35. Re1 ({Schlechter ist
} 35. Bxd5 fxe5 36. Be4 Rd4 37. Bxg6 Kf6 $15) 35... Rbd6 36. Rd1 R8d7 37. Rdc1
f5 38. Rc6 Ra7 39. Be2 {Ist der Isolani a6 schwach?} 39... Kd7 40. b5 (40.
Rxd6+ Kxd6 41. Rc5 g5 $14) 40... Rxc6 41. Rxc6 axb5 42. Bxb5 Nc7 43. Rb6+ Nxb5
44. Rxb5 g5 45. g4 g6 46. Rb8 Rxa3 47. Rg8 Ra4 48. gxf5 Rg4+ 49. Kf1 gxf5 50.
f3 Rh4 51. Kg2 Rh5 52. h3 Kd6 53. Kg3 Ke5 {Jetzt haengt f4 in der Luft} 54. Rg6
f4+ 55. Kg2 Kf5 56. Rg8 Rh6 57. Rf8+ Rf6 58. Ra8 Rf7 59. Ra5+ Kf6 60. Ra2 Rd7
61. Kf2 Rd3 62. Kg2 Re3 63. Ra5 Re2+ 64. Kg1 Rd2 65. Ra8 Rd5 66. Kg2 Ke5 67.
Ra4 Rc5 68. Re4+ Kf5 69. Ra4 e5 70. Ra8 Rc2+ 71. Kg1 e4 72. Rf8+ Kg6 73. fxe4
Re2 74. Re8 Kf6 75. Rf8+ Ke5 76. Rf5+ Kxe4 77. Rxg5 Kf3 78. h4 Re6 79. h5 Rh6
80. Kf1 Ra6 81. Kg1 Rh6 82. Kh2 Rh8 83. Kh3 Rh6 84. Kh4 Ke4 85. Kg4 Rf6 86. Rg6
Rf8 87. Re6+ Kd5 88. Re1 f3 89. Kg3 f2 90. Rf1 Rf5 91. Kg4 Ke5 92. h6 1/2-1/2